American Herbal Pharmacopoeia:botanical pharmacognosy-micropic characterization of botanical medicines (Record no. 5708)

MARC details
000 -LEADER
fixed length control field 00663nam a22002177a 4500
003 - CONTROL NUMBER IDENTIFIER
control field OSt
005 - DATE AND TIME OF LATEST TRANSACTION
control field 20170322134817.0
008 - FIXED-LENGTH DATA ELEMENTS--GENERAL INFORMATION
fixed length control field 170322b xxu||||| |||| 00| 0 eng d
020 ## - INTERNATIONAL STANDARD BOOK NUMBER
International Standard Book Number 9781420073263
040 ## - CATALOGING SOURCE
Transcribing agency DMLN
082 ## - DEWEY DECIMAL CLASSIFICATION NUMBER
Classification number QV766 A31r 2011
100 ## - MAIN ENTRY--PERSONAL NAME
Personal name Editors Roy, Upton [et...al]
9 (RLIN) 11877
245 ## - TITLE STATEMENT
Title American Herbal Pharmacopoeia:botanical pharmacognosy-micropic characterization of botanical medicines
260 ## - PUBLICATION, DISTRIBUTION, ETC. (IMPRINT)
Place of publication, distribution, etc. Boca Raton; CRC Press, 2011
300 ## - PHYSICAL DESCRIPTION
Extent xlvi,773p; col.ill:29cm
504 ## - BIBLIOGRAPHY, ETC. NOTE
Bibliography, etc References, & index included
650 ## - SUBJECT ADDED ENTRY--TOPICAL TERM
Topical term or geographic name as entry element Herbal medicine
9 (RLIN) 2339
650 ## - SUBJECT ADDED ENTRY--TOPICAL TERM
Topical term or geographic name as entry element Botany
9 (RLIN) 1777
650 ## - SUBJECT ADDED ENTRY--TOPICAL TERM
Topical term or geographic name as entry element Pharmacognosy
9 (RLIN) 11878
942 ## - ADDED ENTRY ELEMENTS (KOHA)
Source of classification or shelving scheme Other/Generic Classification Scheme
Koha item type Short Loan
Holdings
Withdrawn status Lost status Source of classification or shelving scheme Damaged status Not for loan Home library Current library Date acquired Source of acquisition Inventory number Total Checkouts Full call number Barcode Date last seen Koha item type
    Other/Generic Classification Scheme     Pharmacy Department Library Pharmacy Department Library 22/03/2017   11/00001   QV766 A31r 2011 2017-0459 22/03/2017 Short Loan
    Other/Generic Classification Scheme     Pharmacy Department Library Pharmacy Department Library 22/03/2017   11/00002   QV766 A31r 2011 2017-0460 22/03/2017 Short Loan